Statistics for A leggyakoribb első nevek Spanyolországban

Click here to take the quiz!

General Stats

  • This quiz has been taken 85 times
  • The average score is 8 of 40

Answer Stats

név% Correct
María
62%
Fernando
49%
Juan
49%
Alejandro
45%
Carlos
43%
Pedro
40%
José
36%
Sergio
36%
David
34%
Antonio
32%
Daniel
31%
Luis
31%
Pablo
30%
Miguel
26%
Ana
25%
Jesús
23%
Javier
21%
Francisco
18%
Manuel
18%
Antonia
13%
Carmen
13%
Paula
13%
Lucía
12%
Jorge
10%
Ángel
9%
Laura
9%
Isabel
8%
Marta
8%
Rafael
8%
Sara
8%
Dolores
6%
Elena
5%
Cristina
4%
Francisca
4%
Luisa
4%
Teresa
4%
Josefa
3%
Pilar
3%
Angeles
1%
Concepción
1%

Score Distribution

Percentile by Number Answered

Percent of People with Each Score

Your Score History

You have not taken this quiz